[Event "GER-ch U25-C"]
[Site "Willingen"]
[Date "2023.06.03"]
[Round "9"]
[White "Neumeier, Leonhard"]
[Black "Wissing, Lars"]
[Result "0-1"]
[WhiteElo "1219"]
[BlackElo "1128"]
[PlyCount "94"]
[EventDate "2023.05.27"]
[EventType "swiss"]
[EventRounds "9"]
[EventCountry "GER"]
[SourceTitle "CBM 214 Extra"]
[Source "ChessBase"]
[SourceDate "2023.07.31"]
[SourceVersion "1"]
[SourceVersionDate "2023.07.31"]
[SourceQuality "1"]

1. f4 c6 2. e4 d5 3. e5 Bf5 4. d4 e6 5. Nf3 c5 6. c3 Qb6 7. Bd3 Bxd3 8. Qxd3 Nc6 9. 0-0 Nh6 10. b3 Nf5 11. Be3 Nxe3 12. Qxe3 cxd4 13. cxd4 Be7 14. Nc3 0-0 15. Ne2 Rac8 16. h4 Qb5 17. Qf2 Nb4 18. h5 Rc2 19. a4 Qxe2 20. Qxe2 Rxe2 21. Rac1 Rc2 22. Rxc2 Nxc2 23. Rc1 Nb4 24. Rc7 Nc6 25. Rxb7 Rb8 26. Rc7 Nxd4 27. Nxd4 Bd8 28. Rc1 Bb6 29. Rd1 h6 30. b4 a6 31. Kh2 Rc8 32. Nf3 Rc4 33. a5 Bc7 34. Rb1 Rxf4 35. Rc1 Rc4 36. Rb1 f6 37. Kh1 fxe5 38. b5 Ra4 39. bxa6 Rxa5 40. Rb7 Ra1+ 41. Ng1 Bd6 42. a7 Kh7 43. Kh2 Bc5 44. Nf3 e4 45. Ne5 Rxa7 46. Rxa7 Bxa7 47. Nc6 e3 0-1